=LDR 00000nam 2200000 4500 =001 INLIS000000000017196 =005 20130612112400 =008 ***********************************Ind** =035 ##$$0010-061300000017196 =041 ##$$a Ind =082 ##$$a 633.72 =090 ##$$a 633.72, Gha b =100 ##$$a Ghani, Muhammad A =245 ##$$a Buku pintar mandor, dasar-dasar budi daya teh, Muhammad A. Ghani =260 ##$$a 2002 $b Jakarta =300 ##$$a x, 134 hlm, ilus, 21 cm =650 ##$$a Teh =850 ##$$a NBPNMAT =990 ##$$a 2090101228/BPAP-NTB/2015